Working alone (Record no. 110591)
[ view plain ]
| 000 -LEADER | |
|---|---|
| fixed length control field | 01027cad a22002295a 4500 |
| 001 - CONTROL NUMBER | |
| control field | E149664 |
| 008 - FIXED-LENGTH DATA ELEMENTS--GENERAL INFORMATION | |
| fixed length control field | 100406s2009 xxk f 000 0 eng d |
| 020 ## - INTERNATIONAL STANDARD BOOK NUMBER | |
| International Standard Book Number | 9780717663712 |
| 035 ## - SYSTEM CONTROL NUMBER | |
| System control number | (Sirsi) u149664 |
| 041 0# - LANGUAGE CODE | |
| Language code of text/sound track or separate title | eng |
| 110 2# - MAIN ENTRY--CORPORATE NAME | |
| Corporate name or jurisdiction name as entry element | Great Britain |
| Subordinate unit | Health and Safety Executive |
| 245 00 - TITLE STATEMENT | |
| Title | Working alone |
| Remainder of title | health and safety guidance on the risks of lone working |
| Medium | [electronic resource] |
| 260 ## - PUBLICATION, DISTRIBUTION, ETC. | |
| Place of publication, distribution, etc. | Sudbury |
| Name of publisher, distributor, etc. | HSE |
| Date of publication, distribution, etc. | 2009 |
| 520 ## - SUMMARY, ETC. | |
| Summary, etc. | Sets out advice on safety for lone workers, and offers guidance for dutyholders on complying with their legal duties towards lone workers under the Health and Safety at Work etc Act 1974 and the Management of Health and Safety at Work Regulations 1999. |
| 590 ## - LOCAL NOTE (RLIN) | |
| Local note | KA |
| 650 24 - SUBJECT ADDED ENTRY--TOPICAL TERM | |
| Topical term or geographic name entry element | HEALTH AND SAFETY AT WORK ETC ACT 1974 |
| 650 24 - SUBJECT ADDED ENTRY--TOPICAL TERM | |
| Topical term or geographic name entry element | HEALTH AND SAFETY AT WORK REGULATIONS 1999 |
| 651 #4 - SUBJECT ADDED ENTRY--GEOGRAPHIC NAME | |
| Geographic name | United Kingdom |
| Chronological subdivision | |
| 690 ## - LOCAL SUBJECT ADDED ENTRY--TOPICAL TERM (OCLC, RLIN) | |
| Topical term or geographic name as entry element | Health and safety |
| 9 (RLIN) | 6244 |
| 856 40 - ELECTRONIC LOCATION AND ACCESS | |
| Uniform Resource Identifier | <a href="https://www.hse.gov.uk/pubns/indg73.pdf">https://www.hse.gov.uk/pubns/indg73.pdf</a> |
| Public note | View the leaflet free of charge (PDF file) at www.hse.gov.uk |
| 942 ## - ADDED ENTRY ELEMENTS (KOHA) | |
| Suppress in OPAC | 0 |
| Withdrawn status | Lost status | Source of classification or shelving scheme | Damaged status | Not for loan | Home library | Current library | Shelving location | Date acquired | Total Checkouts | Full call number | Barcode | Date last seen | Copy number | Price effective from | Koha item type |
|---|---|---|---|---|---|---|---|---|---|---|---|---|---|---|---|
| Dewey Decimal Classification | Virtual | Virtual | Online | 06/04/2010 | ONLINE PUBLICATION | 149664-2001 | 06/08/2019 | 1 | 06/08/2019 | Book |